A szegedi nagyárvíz emléktárgyai

Elmentve itt :
Bibliográfiai részletek
Szerzők: Giday Kálmán
Lakner Károly
Dokumentumtípus: Cikk
Megjelent: 1987-03-14
Sorozat:Délmagyarország 77 No. 62
Kulcsszavak:1879-es nagyárvíz
Online Access:http://dmarchiv.bibl.u-szeged.hu/94139
LEADER 00496nab a2200169 i 4500
001 delm94139
005 20190919090903.0
008 190919s1987 hu o 0|| hun d
040 |a SZTE Délmagyarország Archívum  |b hun 
041 |a hun 
100 1 |a Giday Kálmán 
245 1 2 |a A szegedi nagyárvíz emléktárgyai  |h [elektronikus dokumentum] /  |c  Giday Kálmán 
260 |c 1987-03-14 
300 |a 7 
490 0 |a Délmagyarország  |v 77 No. 62 
695 |a 1879-es nagyárvíz 
700 0 1 |a Lakner Károly  |e aut